000
00259nam a22001217a 4500
003
SGT
082
_b
PAL
100
_a
PALIWAL, DR. SHIKHA
245
_a
HINDI BHASHA SHISHAN OR PRVINTA
260
_a
DELHI
_b
SHIKSHA
_c
2014
300
_a
320
942
_2
ddc
_c
BK
999
_c
19941
_d
19941